[Event "24th ch-EUR Indiv 2024"]
[Site "Petrovac MNE"]
[Date "2024.11.11"]
[Round "4.50"]
[White "Laurent-Paoli, Pierre"]
[Black "Kalogeris, Ioannis"]
[Result "1-0"]
[WhiteTitle "GM"]
[BlackTitle "IM"]
[WhiteElo "2583"]
[BlackElo "2431"]
[WhiteFideId "26017962"]
[BlackFideId "4239563"]
[EventDate "2024.11.08"]

1. e4 e5 2. Nf3 Nc6 3. Bb5 a6 4. Ba4 Nf6 5. O-O b5 6. Bb3 Bc5 7. a4 Rb8 8. c3 d6
9. d4 Bb6 10. axb5 axb5 11. Qd3 exd4 12. cxd4 O-O 13. Bg5 Bg4 14. Nbd2 Qd7 15.
h3 Bh5 16. Bxf6 gxf6 17. Qxb5 Bxf3 18. Nxf3 Ne5 19. Qxd7 Nxd7 20. Ba4 Rfd8 21.
Rfd1 Nf8 22. b4 Ng6 23. Bc6 Ne7 24. d5 Nxc6 25. dxc6 Re8 26. Re1 Ra8 27. Nh4
Rxa1 28. Rxa1 Rxe4 29. Ra8+ Kg7 30. Nf5+ Kg6 31. g4 Kg5 32. Kg2 Kf4 33. Ng3 Rxb4
34. Nh5+ Ke5 35. Kg3 Rb3+ 36. f3 d5 37. Re8+ Kd6 38. Nxf6 Kxc6 39. Nxh7 Bd4 40.
g5 Kd6 41. Rd8+ Ke6 42. Kg4 c5 43. f4 c4 44. f5+ Ke5 45. g6 fxg6 46. fxg6 Rb7
47. Ng5 Bb6 48. Re8+ Kd4 49. Ne6+ Kd3 50. Nf4+ Kd2 51. Nxd5 c3 52. Nxb6 Rxb6 53.
Kh5 Rb5+ 54. Kh6 Rc5 55. Ra8 c2 56. Ra1 c1=Q 57. Rxc1 Rxc1 58. h4 Rg1 59. h5 Ke3
60. g7 Kf4 61. Kh7 Kf5 62. h6 1-0

[Event "24th ch-EUR Indiv 2024"]
[Site "Petrovac MNE"]
[Date "2024.11.11"]
[Round "4.51"]
[White "Manafov, Vugar"]
[Black "Fridman, Daniel"]
[Result "0-1"]
[WhiteTitle "IM"]
[BlackTitle "GM"]
[WhiteElo "2430"]
[BlackElo "2581"]
[WhiteFideId "13410814"]
[BlackFideId "11600454"]
[EventDate "2024.11.08"]

1. d4 e6 2. Nf3 Nf6 3. c4 d5 4. Nc3 c6 5. cxd5 exd5 6. Bf4 Qb6 7. Qc1 Bf5 8. e3
Nbd7 9. Be2 Be7 10. O-O O-O 11. Ne5 Nxe5 12. Bxe5 Ne4 13. Bd3 Nxc3 14. Qxc3 Bxd3
15. Qxd3 a5 16. a4 Rfe8 17. b3 Qd8 18. Qf5 Bf8 19. h3 Ra6 20. Rac1 Rb6 21. Rc3
Re6 22. Rfc1 Rb4 23. Qf4 Qd7 24. Qg4 h6 25. Kh1 g6 26. Bg3 h5 27. Qf4 Bd6 28.
Qf3 Kg7 29. Bxd6 Qxd6 30. Qd1 Qd8 31. Rd3 Qh4 32. Qe1 Qe4 33. Rcd1 Rf6 34. Qe2
Qe7 35. Kg1 Re6 36. Rc1 h4 37. Rc5 Qd8 38. Qf3 Qb6 39. Rcc3 Re4 40. Kh1 Qc7 41.
Rc5 Qb6 42. Rcc3 Qc7 43. Rc5 f5 44. Kg1 f4 45. Kh1 fxe3 46. fxe3 Re7 47. Kg1 Rf7
48. Qg4 Qd8 49. Rc1 Qf6 50. Qe2 Rb6 51. Rb1 Qg5 52. e4 dxe4 53. Qxe4 Rb4 54. Re1
c5 55. Qe5+ Qxe5 56. Rxe5 c4 57. Rd1 cxb3 58. Rxa5 b2 59. Rb1 Rc7 60. Rc5 Rxc5
61. dxc5 Kf6 62. a5 Ke5 63. c6 bxc6 64. a6 c5 65. a7 Ra4 66. Rxb2 Rxa7 67. Kf2
Ra3 68. Ke1 Rg3 69. Re2+ Kd4 70. Kd2 c4 71. Kc2 g5 72. Kd1 Ra3 73. Kc1 c3 74.
Kb1 Rb3+ 75. Kc1 Rb2 0-1

[Event "24th ch-EUR Indiv 2024"]
[Site "Petrovac MNE"]
[Date "2024.11.11"]
[Round "4.52"]
[White "Piorun, Kacper"]
[Black "Tadic, Stefan"]
[Result "1/2-1/2"]
[WhiteTitle "GM"]
[BlackTitle "IM"]
[WhiteElo "2580"]
[BlackElo "2422"]
[WhiteFideId "1130420"]
[BlackFideId "958980"]
[EventDate "2024.11.08"]

1. Nf3 d5 2. e3 Nf6 3. c4 e6 4. Nc3 Bd6 5. b3 O-O 6. Bb2 c6 7. d4 b6 8. Qc2 Bb7
9. Be2 Nbd7 10. O-O Re8 11. Rad1 Qe7 12. Rfe1 Rad8 13. Bf1 h6 14. e4 dxe4 15.
Nxe4 Nxe4 16. Qxe4 Bb4 17. Re3 Ba3 18. Ba1 Nf6 19. Qc2 Qc7 20. h3 Be7 21. Rde1
Nh5 22. g3 c5 23. d5 Bf6 24. Bxf6 Nxf6 25. dxe6 Rxe6 26. Rxe6 fxe6 27. Bg2 Rd6
28. Qg6 Bxf3 29. Bxf3 Qd7 30. Re3 Rd2 31. a4 Qf7 32. Qb1 Qd7 33. Qe1 Rd6 34. a5
Kf7 35. axb6 axb6 36. b4 Rd3 37. bxc5 bxc5 38. Kg2 Rxe3 39. Qxe3 Qd4 40. Qb3 e5
41. Bc6 e4 42. Kf1 Kg6 43. Qc2 Kf7 44. Ke2 h5 45. Bb7 Ke6 46. Qb3 Kf7 47. Kf1
Kg6 48. Kg2 Kf7 49. Qc2 Ke6 50. Bc8+ Kf7 51. Bb7 Ke6 52. Qc1 Kf7 53. Ba6 Qd6 54.
Bb5 Kg6 55. Qe3 Kf7 56. Qg5 Qd4 57. Qf4 Kg6 58. Kh2 Kf7 59. Kg1 Qd1+ 60. Kg2 Qd4
61. Qf5 e3 62. fxe3 1/2-1/2

[Event "24th ch-EUR Indiv 2024"]
[Site "Petrovac MNE"]
[Date "2024.11.11"]
[Round "4.53"]
[White "Kourkoulos-Arditis, Stamatis"]
[Black "Godena, Michele"]
[Result "1/2-1/2"]
[WhiteTitle "GM"]
[BlackTitle "GM"]
[WhiteElo "2575"]
[BlackElo "2419"]
[WhiteFideId "4221990"]
[BlackFideId "800090"]
[EventDate "2024.11.08"]

1. e4 e5 2. Nf3 Nc6 3. Bb5 a6 4. Ba4 Nf6 5. O-O b5 6. Bb3 Bc5 7. a4 Bb7 8. d3
O-O 9. Bg5 h6 10. Bh4 b4 11. Nbd2 Be7 12. a5 d6 13. h3 Rb8 14. Bg3 Nd7 15. c3
bxc3 16. bxc3 Nc5 17. Bc2 Bf6 18. Nc4 Na7 19. Ne3 Re8 20. Re1 h5 21. Qd2 Bc6 22.
c4 g6 23. Rab1 Qd7 24. Nd5 Bxd5 25. exd5 Rxb1 26. Rxb1 Nc8 27. Re1 Ne7 28. d4
exd4 29. Nxd4 Kh7 30. Re2 Ng8 31. Nf3 Rxe2 32. Qxe2 Ne7 33. Bf4 Nf5 34. g4 hxg4
35. hxg4 Nd4 36. Nxd4 Bxd4 37. Kg2 Kg8 38. Bg5 Kg7 39. Kg3 Bf6 40. Bd2 Qd8 41.
Qe3 Qh8 42. Kg2 Kf8 43. Qh6+ Qxh6 44. Bxh6+ Ke7 45. Bd2 Bd4 46. f4 Kd8 47. Kf3
Ke7 48. Bb4 Kf6 49. Be1 Ke7 50. Ke2 Ke8 51. Bb4 Ke7 52. Kd2 Kd8 53. Ke2 Ke7 54.
Be1 Ke8 55. Bd2 Ke7 56. f5 gxf5 57. Bxf5 Kf6 58. Be1 Ke7 59. Bh4+ f6 60. Be1 Kd8
61. Kd2 Ke7 62. Kc2 Kd8 63. Bb4 Be5 64. Bd2 Bd4 65. g5 fxg5 66. Bxg5+ Ke8 67.
Bc8 Bf2 68. Kd1 Bd4 69. Kd2 Bg1 70. Ke2 Bd4 71. Bd2 Kd8 72. Bg4 Ne4 73. Be1 Bc3
74. Bh4+ Bf6 75. Be1 1/2-1/2

[Event "24th ch-EUR Indiv 2024"]
[Site "Petrovac MNE"]
[Date "2024.11.11"]
[Round "4.54"]
[White "Dragnev, Valentin"]
[Black "Vanczak, Tamas"]
[Result "1-0"]
[WhiteTitle "GM"]
[BlackTitle "IM"]
[WhiteElo "2566"]
[BlackElo "2413"]
[WhiteFideId "1634852"]
[BlackFideId "759929"]
[EventDate "2024.11.08"]

1. e4 c6 2. d4 d5 3. e5 Bf5 4. h4 h5 5. c4 e6 6. Nc3 dxc4 7. Bxc4 Nd7 8. Nf3 Bg4
9. Bg5 Be7 10. Be2 Nh6 11. Bxh6 Rxh6 12. Qd2 Qb6 13. O-O-O O-O-O 14. Ng5 Bxe2
15. Qxe2 Rf8 16. Rh3 Qd8 17. Nce4 Kb8 18. Rf3 Qe8 19. Kb1 Nb6 20. Nc5 Bxg5 21.
hxg5 Rhh8 22. Rb3 f5 23. gxf6 gxf6 24. exf6 Qg6+ 25. Ka1 Ka8 26. Nxe6 Rf7 27.
Rf3 Nd5 28. Qe5 Qxg2 29. Ng5 h4 30. Re1 Rff8 31. f7 a6 32. a3 Ka7 33. Ka2 h3 34.
Qg3 Qxg3 35. fxg3 h2 36. Rh1 Rh6 37. Rf2 Nf6 38. Rfxh2 1-0

[Event "24th ch-EUR Indiv 2024"]
[Site "Petrovac MNE"]
[Date "2024.11.11"]
[Round "4.55"]
[White "Sanal, Vahap"]
[Black "Yankelevich, Lev"]
[Result "1/2-1/2"]
[WhiteTitle "GM"]
[BlackTitle "GM"]
[WhiteElo "2561"]
[BlackElo "2417"]
[WhiteFideId "6300545"]
[BlackFideId "24684074"]
[EventDate "2024.11.08"]

1. Nf3 d5 2. d4 Nf6 3. c4 e6 4. e3 a6 5. b3 b6 6. Bb2 Bd6 7. Nbd2 Bb7 8. Bd3 Ne4
9. O-O Nd7 10. Qc2 Ndf6 11. b4 Nxd2 12. Nxd2 dxc4 13. Nxc4 Nd5 14. a3 Qh4 15. g3
Qh3 16. Be4 f5 17. Bh1 O-O 18. Rae1 Rac8 19. f3 Nf6 20. Bg2 Qh5 21. Qb3 b5 22.
Na5 Bd5 23. Qc2 Qg6 24. Rf2 Ba8 25. Nc6 Nd5 26. Ne5 Bxe5 27. dxe5 Nb6 28. Bd4
Bd5 29. Rc1 Nc4 30. a4 Rfd8 31. Bf1 Qe8 32. Bd3 Nb6 33. a5 Nc4 34. Qc3 Qg6 35.
Rcf1 h5 36. Rg2 Rd7 37. Bb1 Rcd8 38. h4 Rf7 39. Kh2 Rfd7 40. Bc2 Kh8 41. Rgf2
Rg8 42. Bc5 Rgd8 43. Bd4 Rg8 44. Rg1 Qh6 45. e4 fxe4 46. fxe4 Bc6 47. Rgf1 Qg6
48. Rf4 Kh7 49. R1f2 Rgd8 1/2-1/2

[Event "24th ch-EUR Indiv 2024"]
[Site "Petrovac MNE"]
[Date "2024.11.11"]
[Round "4.56"]
[White "Injac, Teodora"]
[Black "Can, Emre"]
[Result "0-1"]
[WhiteTitle "IM"]
[BlackTitle "GM"]
[WhiteElo "2429"]
[BlackElo "2559"]
[WhiteFideId "932400"]
[BlackFideId "6302181"]
[EventDate "2024.11.08"]

1. Nf3 g6 2. d4 Bg7 3. c4 c5 4. e4 Qa5+ 5. Nc3 d6 6. Be2 Nc6 7. d5 Nd4 8. O-O
Bg4 9. Bd2 Bxf3 10. Bxf3 Nf6 11. g3 O-O 12. Bg2 Nd7 13. b3 a6 14. Rb1 b5 15.
Nxb5 Qxa2 16. Nxd4 Bxd4 17. Bg5 Nf6 18. Kh1 Kg7 19. Re1 Rab8 20. Re2 Qa5 21. Be3
Bxe3 22. Rxe3 Qa2 23. Re2 Qa3 24. e5 Ng4 25. exd6 exd6 26. Bh3 Nf6 27. Ra1 Qxb3
28. Qxb3 Rxb3 29. Rxa6 Re8 30. Rxe8 Nxe8 31. Bd7 Nf6 32. Rxd6 Ne4 33. Rc6 Nxf2+
34. Kg1 Ne4 35. Rc7 Kf6 36. Bb5 h5 37. d6 Nxd6 38. Rxc5 Rb1+ 39. Kg2 Rb2+ 40.
Kg1 Ne4 41. Rc7 Nd2 42. h3 Rb3 43. Be8 Rxg3+ 44. Kh2 h4 45. Rxf7+ Ke6 46. Rf2
Nf3+ 47. Rxf3 Rxf3 48. Bxg6 Rc3 49. Bh5 Rxc4 50. Kg2 Kf5 51. Bg4+ Kf4 52. Kf2
Rc2+ 53. Ke1 Kg3 54. Kf1 Rf2+ 55. Ke1 Kg2 56. Bc8 Rf7 57. Bg4 Re7+ 58. Kd2 Kf2
59. Kd3 Re8 60. Bf5 Re3+ 61. Kd2 Re5 62. Bg4 Rd5+ 63. Kc2 Kg2 0-1

[Event "24th ch-EUR Indiv 2024"]
[Site "Petrovac MNE"]
[Date "2024.11.11"]
[Round "4.57"]
[White "Yaniv, Yuval"]
[Black "Socko, Bartosz"]
[Result "1/2-1/2"]
[WhiteTitle "FM"]
[BlackTitle "GM"]
[WhiteElo "2421"]
[BlackElo "2554"]
[WhiteFideId "2823900"]
[BlackFideId "1107038"]
[EventDate "2024.11.08"]

1. e4 c6 2. d4 d5 3. e5 Bf5 4. c4 e6 5. Nc3 Ne7 6. Nge2 Nd7 7. Ng3 Bg6 8. h4 h6
9. h5 Bh7 10. cxd5 Nxd5 11. Nxd5 cxd5 12. Bd3 Bb4+ 13. Kf1 Bxd3+ 14. Qxd3 Qb6
15. Rh4 Qa6 16. Qxa6 bxa6 17. Rg4 Rh7 18. Ne2 Rc8 19. Be3 Rc4 20. Rg3 Nb6 21.
Rc1 Be7 22. b3 Rxc1+ 23. Nxc1 Nd7 24. Nd3 Nb8 25. Ke2 Nc6 26. Kd2 a5 27. Kc3
Bb4+ 28. Kb2 Be7 29. Kc3 Bb4+ 30. Kb2 Bf8 31. f4 Nb4 32. Bd2 Nc6 33. Be3 Nb4 34.
Bd2 Nc6 35. Bc3 Be7 36. Kc2 Bd8 37. Nc1 Ne7 38. Ne2 g6 39. Rh3 gxh5 40. Rxh5 Nf5
41. g3 Rg7 42. Be1 Bb6 43. Kd3 Rg4 44. Bf2 Ke7 45. Rh3 f6 46. exf6+ Kxf6 47. Ng1
Bc7 48. Nf3 Ke7 49. Nh2 Rg6 50. Nf3 Rg4 51. Nh2 Rg6 52. Nf3 1/2-1/2

[Event "24th ch-EUR Indiv 2024"]
[Site "Petrovac MNE"]
[Date "2024.11.11"]
[Round "4.58"]
[White "Parligras, Mircea-Emilian"]
[Black "Agasarov, Benik"]
[Result "1-0"]
[WhiteTitle "GM"]
[BlackTitle "FM"]
[WhiteElo "2550"]
[BlackElo "2410"]
[WhiteFideId "1204297"]
[BlackFideId "13314823"]
[EventDate "2024.11.08"]

1. d4 Nf6 2. c4 g6 3. Nc3 d5 4. cxd5 Nxd5 5. e4 Nxc3 6. bxc3 Bg7 7. Nf3 c5 8.
Be3 Bg4 9. Rc1 O-O 10. d5 e6 11. Bc4 Nd7 12. dxe6 fxe6 13. h3 Bxf3 14. Bxe6+ Kh8
15. gxf3 Ne5 16. Qxd8 Raxd8 17. Ke2 Nd3 18. Rcd1 Nf4+ 19. Bxf4 Rxd1 20. Rxd1
Rxf4 21. Rd8+ Rf8 22. Rxf8+ Bxf8 23. f4 Kg7 24. e5 Be7 25. c4 Bh4 26. Ke3 h5 27.
f5 g5 28. f3 Be1 29. Ke4 Ba5 30. f6+ Kg6 31. Bf5+ Kf7 32. Bd7 Kg6 33. Be8+ 1-0

[Event "24th ch-EUR Indiv 2024"]
[Site "Petrovac MNE"]
[Date "2024.11.11"]
[Round "4.59"]
[White "Piliposyan, Robert"]
[Black "Petkov, Momchil"]
[Result "1/2-1/2"]
[WhiteTitle "IM"]
[BlackTitle "GM"]
[WhiteElo "2418"]
[BlackElo "2549"]
[WhiteFideId "13309978"]
[BlackFideId "2921642"]
[EventDate "2024.11.08"]

1. d4 d5 2. c4 e6 3. Nf3 Nf6 4. Nc3 Bb4 5. Bg5 Nbd7 6. e3 c5 7. cxd5 exd5 8. Bd3
Qa5 9. Qc2 c4 10. Bf5 O-O 11. O-O Re8 12. Rfb1 g6 13. Bxd7 Nxd7 14. a3 Bxc3 15.
Qxc3 Qa6 16. b3 Nb6 17. Nd2 Bf5 18. Rc1 Rac8 19. Qb4 Bd3 20. a4 Nd7 21. Rc3 Qb6
22. Qxb6 Nxb6 23. a5 Nd7 24. Rac1 b5 25. axb6 Nxb6 26. Ra1 Rc7 27. Ra5 Kg7 28.
Bf4 Rd7 29. Rc5 Be2 30. Bc7 Re6 31. h4 h6 32. bxc4 Nxc4 33. Nxc4 Bxc4 1/2-1/2

[Event "24th ch-EUR Indiv 2024"]
[Site "Petrovac MNE"]
[Date "2024.11.11"]
[Round "4.60"]
[White "Fus, Jakub"]
[Black "Keinanen, Toivo"]
[Result "1-0"]
[WhiteTitle "IM"]
[BlackTitle "IM"]
[WhiteElo "2417"]
[BlackElo "2541"]
[WhiteFideId "1193023"]
[BlackFideId "509825"]
[EventDate "2024.11.08"]

1. e4 d5 2. exd5 Qxd5 3. Nf3 Bg4 4. Be2 Nc6 5. h3 Bxf3 6. Bxf3 Qe6+ 7. Qe2 Nd4
8. Qxe6 Nxf3+ 9. gxf3 fxe6 10. Nc3 Nh6 11. Ne4 Nf5 12. c3 O-O-O 13. Ng5 Rd5 14.
d4 Kd7 15. Ke2 g6 16. Ne4 e5 17. dxe5 Rxe5 18. Bf4 Re6 19. Rhd1+ Kc8 20. Be3 Bg7
21. Rd5 Nd6 22. Ng5 Re5 23. Rad1 b6 24. Rxe5 Bxe5 25. Rd5 Bf6 26. Ne4 Kd7 27.
Rd1 Ke6 28. Rg1 Rf8 29. Rg4 Rd8 30. Bc1 Nf7 31. Bf4 c5 32. Rg1 Kf5 33. Be3 Ne5
34. b3 Rd7 35. Rc1 c4 36. Nd2 Rc7 37. Rc2 b5 38. b4 Bg5 39. a4 a6 40. axb5 axb5
41. Ra2 Bxe3 42. fxe3 Nf7 43. Ra5 Nd6 44. Kf2 g5 45. Kg3 h5 46. h4 gxh4+ 47.
Kxh4 Rc8 48. Nf1 Rf8 49. Ng3+ Ke6 50. f4 Rg8 51. Ra6 Kd5 52. Ra7 Rg7 53. Ra8 e6
54. Rh8 Nf5+ 55. Nxf5 exf5 56. Re8 Rg1 57. Re5+ Kc6 58. Rxf5 Rc1 59. Rc5+ Kd6
60. Rxb5 Rxc3 61. e4 Re3 62. Rd5+ Ke6 63. Re5+ Kf6 64. Kxh5 c3 65. b5 c2 66.
Rf5+ Kg7 67. Rc5 Rxe4 68. Kg5 Rb4 69. f5 Rxb5 70. Rc7+ Kf8 71. Kg6 Rb1 72. Rc8+
Ke7 73. f6+ Ke6 74. Rc6+ Ke5 75. Rxc2 Rg1+ 76. Kf7 Ra1 77. Rf2 Ra3 78. Kg7 Rg3+
79. Kf8 Ra3 80. f7 Ra2 81. Rxa2 1-0

[Event "24th ch-EUR Indiv 2024"]
[Site "Petrovac MNE"]
[Date "2024.11.11"]
[Round "4.61"]
[White "Talibov, Shiroghlan"]
[Black "Quparadze, Giga"]
[Result "1/2-1/2"]
[WhiteTitle "FM"]
[BlackTitle "GM"]
[WhiteElo "2415"]
[BlackElo "2533"]
[WhiteFideId "13429078"]
[BlackFideId "13602250"]
[EventDate "2024.11.08"]

1. e4 c5 2. Nf3 e6 3. d4 cxd4 4. Nxd4 Nc6 5. Nc3 Qc7 6. Be3 a6 7. Qf3 Nxd4 8.
Bxd4 b5 9. a4 b4 10. e5 Bb7 11. Ne4 Nh6 12. g4 Bc5 13. Bxc5 Qxc5 14. Qf4 Bxe4
15. Qxe4 Qc6 16. Qxc6 dxc6 17. h3 Kd7 18. O-O-O+ Kc7 19. Rd4 a5 20. Bg2 1/2-1/2

[Event "24th ch-EUR Indiv 2024"]
[Site "Petrovac MNE"]
[Date "2024.11.11"]
[Round "4.62"]
[White "Gorshtein, Ido"]
[Black "Socko, Monika"]
[Result "1-0"]
[WhiteTitle "GM"]
[BlackTitle "GM"]
[WhiteElo "2528"]
[BlackElo "2403"]
[WhiteFideId "2815532"]
[BlackFideId "1106619"]
[EventDate "2024.11.08"]

1. c4 e5 2. g3 Nf6 3. Bg2 g6 4. Nc3 Nc6 5. Nf3 Bg7 6. O-O O-O 7. d3 d6 8. Rb1 a5
9. a3 Re8 10. Bg5 h6 11. Bxf6 Bxf6 12. b4 axb4 13. axb4 Bg7 14. b5 Ne7 15. Qb3
Be6 16. Nd2 c6 17. Qb4 d5 18. Nb3 Bf8 19. bxc6 bxc6 20. Nc5 Nf5 21. cxd5 cxd5
22. Nxe6 Bxb4 23. Nxd8 Bxc3 24. Nxf7 Ra5 25. Rb7 Rf8 26. Rd7 Rxf7 27. Bxd5 Rxd5
28. Rxd5 Nd4 29. e3 Nf3+ 30. Kg2 Be1 31. h4 Kg7 32. Rh1 h5 33. Kf1 Bb4 34. Ke2
Bf8 35. Rb5 Rf5 36. Rb7+ Kg8 37. Rhb1 Bg7 38. R1b6 Ng1+ 39. Kf1 Nh3 40. Kg2 Nxf2
41. Rxg6 Nxd3 42. Rgxg7+ Kf8 43. Rgc7 1-0

[Event "24th ch-EUR Indiv 2024"]
[Site "Petrovac MNE"]
[Date "2024.11.11"]
[Round "4.63"]
[White "Zemach, Nadav"]
[Black "Brunello, Sabino"]
[Result "1/2-1/2"]
[WhiteTitle "IM"]
[BlackTitle "GM"]
[WhiteElo "2414"]
[BlackElo "2518"]
[WhiteFideId "2820927"]
[BlackFideId "813613"]
[EventDate "2024.11.08"]

1. d4 Nf6 2. c4 e6 3. Nc3 d5 4. cxd5 exd5 5. Bg5 Be7 6. e3 h6 7. Bh4 O-O 8. Bd3
c6 9. Nge2 Ne4 10. Bxe7 Qxe7 11. Bxe4 dxe4 12. Qc2 Bf5 13. O-O Nd7 14. Ng3 Bh7
15. Ngxe4 Rae8 16. f3 f5 17. Qb3+ Rf7 18. Nf2 Qxe3 19. Qxb7 Ne5 20. Qb3 Qxd4 21.
Rfe1 Re7 22. Rad1 Qb6 23. f4 Qxb3 24. axb3 Nd7 25. Nd3 Kf8 26. Rxe7 Rxe7 27. Ra1
Bg8 28. Rxa7 Bxb3 29. Nb4 Nb8 30. Ra8 Re8 31. Ra7 Re7 32. Ra8 Re8 33. h4 Bc4 34.
Ra5 Be6 35. Na4 Ke7 36. Ra7+ Kf6 37. Nc5 Re7 38. Ra8 Nd7 39. Nxe6 Rxe6 40. Rc8
c5 41. Nd3 1/2-1/2

[Event "24th ch-EUR Indiv 2024"]
[Site "Petrovac MNE"]
[Date "2024.11.11"]
[Round "4.64"]
[White "Magold, Filip"]
[Black "Peng, Li Min"]
[Result "1/2-1/2"]
[WhiteTitle "FM"]
[BlackTitle "GM"]
[WhiteElo "2405"]
[BlackElo "2516"]
[WhiteFideId "1254456"]
[BlackFideId "14112620"]
[EventDate "2024.11.08"]

1. e4 e5 2. Nf3 Nc6 3. Bb5 a6 4. Ba4 Nf6 5. d3 b5 6. Bb3 Bc5 7. Nc3 h6 8. Nd5
Bb7 9. c3 d6 10. O-O O-O 11. Bd2 Nd7 12. Re1 Ba7 13. Ne3 Nc5 14. Bc2 Ne6 15. Nf5
Ne7 16. N3h4 Nxf5 17. Nxf5 Qf6 18. Qh5 Rfe8 19. Be3 1/2-1/2

[Event "24th ch-EUR Indiv 2024"]
[Site "Petrovac MNE"]
[Date "2024.11.11"]
[Round "4.65"]
[White "Bournel, Antoine"]
[Black "Rasulov, Vugar"]
[Result "1-0"]
[WhiteTitle "IM"]
[BlackTitle "GM"]
[WhiteElo "2403"]
[BlackElo "2511"]
[WhiteFideId "26093553"]
[BlackFideId "13402390"]
[EventDate "2024.11.08"]

1. c4 e6 2. Nf3 Nf6 3. d4 Nc6 4. a3 g6 5. Nc3 d6 6. e4 Bg7 7. d5 Nb8 8. Be2 O-O
9. O-O a5 10. Be3 Na6 11. dxe6 Bxe6 12. Nd4 Bd7 13. f3 Re8 14. Qd2 Nc5 15. Rad1
a4 16. Rf2 Qe7 17. Bf1 Bc6 18. Ndb5 Bxb5 19. cxb5 d5 20. e5 d4 21. Bxd4 Nfd7 22.
Nd5 Qd8 23. Bxc5 Nxc5 24. Qc3 b6 25. Nf6+ Bxf6 26. Rxd8 Bxd8 27. Bc4 Be7 28. Bd5
Rad8 29. Qc4 Kg7 30. Bxf7 Rd1+ 31. Rf1 Red8 32. Rxd1 Rxd1+ 33. Kf2 Rd2+ 34. Kg3
Nd7 35. f4 Rxb2 36. Be8 Rb3+ 37. Kf2 Bc5+ 38. Ke2 Nf8 39. g4 Kh6 40. h4 Rxa3 41.
f5 Rh3 42. Qf4+ Kg7 43. e6 a3 44. Qe5+ Kh6 45. Qf4+ Kg7 46. Qe5+ Kh6 47. e7 a2
48. Qxc5 Ne6 49. Qc1+ 1-0

[Event "24th ch-EUR Indiv 2024"]
[Site "Petrovac MNE"]
[Date "2024.11.11"]
[Round "4.66"]
[White "Iskandarov, Misratdin"]
[Black "Defromont, Benjamin"]
[Result "1-0"]
[WhiteTitle "GM"]
[BlackTitle "IM"]
[WhiteElo "2506"]
[BlackElo "2399"]
[WhiteFideId "13400312"]
[BlackFideId "36068829"]
[EventDate "2024.11.08"]

1. c4 e5 2. Nc3 Nf6 3. Nf3 Nc6 4. e4 Bb4 5. d3 d6 6. a3 Bc5 7. b4 Bb6 8. Na4 Bg4
9. Nxb6 axb6 10. Bb2 Nd7 11. Be2 Nf8 12. O-O Bxf3 13. Bxf3 Ne6 14. Bg4 O-O 15.
g3 Ncd4 16. f4 exf4 17. Bxe6 Nxe6 18. Qg4 g6 19. gxf4 f5 20. Qg3 Qd7 21. Rae1
Rae8 22. Re3 b5 23. cxb5 Qxb5 24. Rf2 Qd7 25. Qh4 Rf7 26. Rg2 Ng7 27. Rh3 fxe4
28. Qxh7+ Kf8 29. Qh8+ Ke7 30. Qh4+ Kf8 31. Rxg6 Re5 32. fxe5 Qf5 33. Qd8+ 1-0

[Event "24th ch-EUR Indiv 2024"]
[Site "Petrovac MNE"]
[Date "2024.11.11"]
[Round "4.67"]
[White "Boyer, Mahel"]
[Black "Kalezic, Blazo"]
[Result "1-0"]
[WhiteTitle "IM"]
[BlackTitle "IM"]
[WhiteElo "2506"]
[BlackElo "2394"]
[WhiteFideId "45102422"]
[BlackFideId "921815"]
[EventDate "2024.11.08"]

1. e4 e6 2. d4 d5 3. Nc3 Nf6 4. e5 Nfd7 5. f4 c5 6. dxc5 Nc6 7. a3 a5 8. Nf3
Nxc5 9. Be3 Be7 10. Qd2 O-O 11. h4 b6 12. h5 f5 13. exf6 Bxf6 14. Bb5 Na7 15.
Be2 Nc6 16. O-O-O Ba6 17. Bxa6 Rxa6 18. h6 g6 19. Rhe1 Qc8 20. Kb1 a4 21. g4 Ra7
22. Nd4 Raf7 23. f5 Bxd4 24. Bxd4 exf5 25. Bxc5 bxc5 26. Qxd5 Nd4 27. Nxa4 fxg4
28. Nxc5 Nf3 29. Re7 Qf5 30. Rxf7 Qxf7 31. Qd6 g5 32. Nd7 Rc8 33. Nf6+ Kh8 34.
Qd8+ 1-0

[Event "24th ch-EUR Indiv 2024"]
[Site "Petrovac MNE"]
[Date "2024.11.11"]
[Round "4.68"]
[White "Mikac, Matjaz"]
[Black "Seo, Jung Min"]
[Result "1/2-1/2"]
[WhiteTitle "IM"]
[BlackTitle "IM"]
[WhiteElo "2392"]
[BlackElo "2505"]
[WhiteFideId "14600048"]
[BlackFideId "1734687"]
[EventDate "2024.11.08"]

1. e4 c6 2. d4 d5 3. exd5 cxd5 4. c4 Nf6 5. Nc3 g6 6. cxd5 Nxd5 7. Bc4 Nb6 8.
Bb3 Bg7 9. Nf3 O-O 10. O-O Bg4 11. h3 Bxf3 12. Qxf3 Nc6 13. Be3 Qd7 14. Rad1 Na5
15. Rfe1 Nxb3 16. axb3 e6 17. d5 Nxd5 18. Nxd5 exd5 19. Rxd5 Qc6 20. Rc1 Qe6 21.
Rc7 b6 22. Rdd7 Rad8 23. Qd1 Rxd7 24. Rxd7 a5 25. Qd5 Qf6 26. g3 h5 27. h4 Re8
28. Rd6 Qxb2 29. Rd8 Rf8 30. Rd6 Qb1+ 31. Kh2 b5 32. Qxb5 Qe4 33. Qd5 Qxd5 34.
Rxd5 Ra8 35. Bd2 a4 36. bxa4 Rxa4 37. Be3 1/2-1/2

[Event "24th ch-EUR Indiv 2024"]
[Site "Petrovac MNE"]
[Date "2024.11.11"]
[Round "4.69"]
[White "Ohanyan, Emin"]
[Black "Ozenir, Ekin Baris"]
[Result "1/2-1/2"]
[WhiteTitle "GM"]
[BlackTitle "IM"]
[WhiteElo "2504"]
[BlackElo "2392"]
[WhiteFideId "13312022"]
[BlackFideId "6357415"]
[EventDate "2024.11.08"]

1. e4 c5 2. Nf3 Nc6 3. Nc3 e6 4. d4 cxd4 5. Nxd4 Qc7 6. Be2 a6 7. Nxc6 bxc6 8.
Qd3 Nf6 9. Qg3 Qxg3 10. hxg3 d5 11. g4 Bb4 12. Bd2 a5 13. a3 Be7 14. g5 Nd7 15.
O-O-O Ba6 16. Bxa6 Rxa6 17. Rh3 a4 18. Rdh1 d4 19. Ne2 e5 20. Rxh7 Rxh7 21. Rxh7
Nc5 22. Rxg7 Kf8 23. Rh7 Nxe4 24. Rh8+ Kg7 25. Re8 Ra7 26. f4 Rb7 27. f5 f6 28.
gxf6+ Kxf6 29. g4 c5 30. Ra8 Nxd2 31. Ra6+ Kg5 32. Rg6+ Kh4 33. Kxd2 Bg5+ 34.
Kd3 Kxg4 35. Ke4 Rf7 1/2-1/2

[Event "24th ch-EUR Indiv 2024"]
[Site "Petrovac MNE"]
[Date "2024.11.11"]
[Round "4.70"]
[White "Krallis, Christos"]
[Black "Maksimovic, Bojan"]
[Result "1/2-1/2"]
[WhiteTitle "FM"]
[BlackTitle "IM"]
[WhiteElo "2390"]
[BlackElo "2504"]
[WhiteFideId "4298896"]
[BlackFideId "14408120"]
[EventDate "2024.11.08"]

1. e4 c5 2. Nf3 e6 3. c3 d5 4. exd5 exd5 5. d4 a6 6. Bd3 cxd4 7. Nxd4 Nf6 8. O-O
Be7 9. Nd2 O-O 10. h3 Nc6 11. N2f3 Re8 12. Re1 Bd6 13. Bg5 Rxe1+ 14. Qxe1 Bd7
15. Qe3 h6 16. Bh4 Qe7 17. Qxe7 Bxe7 18. Re1 1/2-1/2